Über die Struktur und die Innervation des Reizleitungssystems im Herzen der Säugetiere

Elmentve itt :
Bibliográfiai részletek
Szerzők: Ábrahám Ambrus Andor
Erdélyi Lajos
Dokumentumtípus: Cikk
Megjelent: 1957
Sorozat:Acta biologica 3 No. 1-4
Kulcsszavak:Természettudomány
Online Access:http://acta.bibl.u-szeged.hu/21445
LEADER 00695nab a2200193 i 4500
001 acta21445
005 20161015165800.0
008 161015s1957 hu o 0|| ger d
022 |a 0563-0592 
040 |a SZTE Egyetemi Kiadványok Repozitórium  |b hun 
041 |a ger 
100 1 |a Ábrahám Ambrus Andor 
245 1 0 |a Über die Struktur und die Innervation des Reizleitungssystems im Herzen der Säugetiere  |h [elektronikus dokumentum] /  |c  Ábrahám Ambrus Andor 
260 |c 1957 
300 |a 275-308 
490 0 |a Acta biologica  |v 3 No. 1-4 
695 |a Természettudomány 
700 0 1 |a Erdélyi Lajos  |e aut 
856 4 0 |u http://acta.bibl.u-szeged.hu/21445/1/biologica_003_275-308.pdf  |z Dokumentum-elérés